Currencies - Statistics

General Stats
  • This quiz has been taken 37 times
    8 since last reset
  • The average score is 12 of 15
Answer Stats
Hint Answer % Correct
A lot Of The EU Euro
100%
UK And Its Overseas Territories Pound Sterling
100%
Japan Yen
100%
Most Of Arabia And Serbia Dinar
86%
Switzerland And Liechtenstein Franc
86%
Scandanavia Krone/Krona
86%
Most Of Latin America And The Philippines Peso
86%
Brazil Real
86%
South Asia Rupee
86%
China Yuan
86%
Turkey Syria And Lebanon Lira
71%
Iran Oman Yemen Qatar And Saudi Arabia Riyal
71%
Korea Won
71%
USA A lot Of Central America And The Caribbean Myanmar Cambodia And Liberia US dollar
43%
Some Of The Former USSR Rouble
29%
No matching quizzes found
Score Distribution
Percent of People with Each Score
Percentile by Number Answered
Your Score History
You have not taken this quiz since the last reset